Statistics for Random Words In Māori

Click here to take the quiz!

General Stats

  • This quiz has been taken 8 times
  • The average score is 4 of 15

Answer Stats

MāoriEnglish% Correct
NgeruCat
75%
PepaPaper
75%
PouakaBox
50%
HarikoaHappy
50%
KapuaCloud
38%
KokonatiCoconut
38%
RorohikoComputer
38%
PirihimanaPolice
25%
Whare RangatiraCastle
13%
ArawhataLadder
13%
HukarereSnow
13%
PowhiriwhiriFan
0%
UruwhenuaPassport
0%
UrungaPillow
0%
Te WiwiSquirrel
0%

Score Distribution

Percentile by Number Answered

Percent of People with Each Score

Your Score History

You have not taken this quiz